Tschechien /

Main Author: Thoma, Zdeněk, 1938-
Other Authors: Thomová, Soňa, 1947-
Language: German
Published: Prag : Slovart, 2003
Edition: 1. deutsche Ausg.
Online Access: Digitalizovaný dokument
Physical Description: 125 s. : barev. il. ; 30 cm
Book
Saved in:
LEADER 01351nam a2200385 a 4500
001 000677968
003 CZ BrMZK
005 20100726091439.0
007 ta
008 030716s2003 xr ab e 000 0 ger d
015 |a cnb001257377 
020 |a 80-7209-468-8  |q (váz.) 
035 |a (OCoLC)53515494 
040 |a BOA001  |b cze 
041 1 |a ger  |h cze 
043 |a e-xr--- 
072 7 |a 913(4)  |x Geografie Evropy, reálie, cestování  |2 Konspekt  |9 7 
080 |a 908(437.3)  |2 MRF 
080 |a 72:904  |2 MRF 
080 |a (437.3)  |2 MRF 
080 |a (084.12)  |2 MRF 
100 1 |a Thoma, Zdeněk,  |d 1938-  |7 jk01132349  |4 aut 
245 1 0 |a Tschechien /  |c Zdeněk Thoma und Soňa Thomová 
250 |a 1. deutsche Ausg. 
260 |a Prag :  |b Slovart,  |c 2003 
300 |a 125 s. :  |b barev. il. ;  |c 30 cm 
500 |a Překlad z češtiny 
650 0 7 |a architektonické památky  |7 ph118585  |z Česko  |2 czenas 
655 7 |a fotografické publikace  |7 fd132276  |2 czenas 
651 7 |a Česko  |7 ge128065  |x vlastivěda  |2 czenas 
700 1 |a Thomová, Soňa,  |d 1947-  |7 jn19981228119  |4 aut 
856 4 1 |u http://www.digitalniknihovna.cz/mzk/uuid/uuid:ea2cfe90-5759-11e3-ae59-005056827e52  |y Digitalizovaný dokument  |x NDK 
910 |a BOA001  |b 4-1120.438 
990 |a BK 
996 6 |b 2610195548  |c 4-1120.438  |l MZK  |r Sklad / do 1 hodiny  |n 0  |p p.v.  |w 000677968  |u 000010  |a 1  |e BOA001  |j MZK50  |s P